03344nam a2200385 i 4500003000900000005001700009007000300026008004100029020001800070040003000088041000800118082002000126245017500146246021400321264008100535300004300616336002700659337003300686338002800719500019400747504003100941520106000972590002602032650004502058650004402103650003602147910001402183942001402197952013802211952014402349952014402493952015202637952015202789999001702941DO-SdBNP20260429123224.0ta251015e2025 dr d|||gr ||| 001 0 spa d a9789945929195 aDO-SdBNPbspacBNPHUerda aspa 4axxxxbP953i22210aEstudio de las leyes No. 33-18 de partidos, movimientos y agrupaciones políticas y la ley orgánica de régimen electoral No. 20-23 : bpropuestas de modificación /1 aObservación electoral y participación política de las mujeres :bEstudio de las leyes No. 33-18 de partidos, movimientos y agrupaciones políticas y la ley orgánica de régimen electoral No. 20-23 /  aSanto Domingo, República Dominicana : bParticipación Ciudadana,c2025. a133 páginas ;bgráficas ; c28 cm. atextobtxt2rdacontent asin mediaciónbn2rdamedia avolumenbnc2rdacarrier aDiagnóstico del sistema electoral y de partidos de la República Dominicana: propuestas para la reforma de las leyes No. 18-33 de partidos y No. 20-23 Orgánica de Régimen Electoral.  aBibliografía p: 123-125. aEl “Diagnóstico del sistema electoral y de partidos de la República Dominicana: propuestas para la reforma de las Leyes No. 33-18 de Partidos y No. 20-23 del Régimen Electoral” identifica problemas persistentes como la sobrerrepresentación de mayorías, el debilitamiento de la democracia interna en los partidos, la opacidad del financiamiento político, la inequidad en el acceso a medios y la falta de aplicación efectiva de sanciones electorales. También destaca el bajo nivel de confianza ciudadana en los partidos y la necesidad de profesionalizar su funcionamiento. Frente a estos desafíos, el estudio propone las reformas pertinentes. Esta investigación forma parte del proyecto “Observación Electoral y Participación Política de las Mujeres y los Jóvenes” que desarrolla Participación Ciudadana en coordinación con el Centro de Investigación y Acción Femenina con el objetivo de contribuir al fortalecimiento institucional y a la calidad democrática del país auspiciado por la Unión Europea (UE). aInventariado 2025/ YL 492992aEleccioneszRepública Dominicana 4977844aSufragiozRepùblica Dominicana20aParticipación política9456 aYLockward 2ddccLBS1 00102ddc51708PDaBNPHUbBNPHUcCTd2025-07-07eDepósito Legall0oBNPHU PD xxxx P953ip2025-11874r2025-10-15w2025-10-15yLBS1 00102ddc51708PDaBNPHUbBNPHUcCTd2025-07-07eDepósito Legall0oBNPHU PD xxxx P953ip2025-11875r2025-10-15te. 2w2025-10-15yLBS1 00102ddc56708DSaBNPHUbBNPHUcCTd2025-07-07eDepósito Legall0oBNPHU DS xxxx P953ip2025-11876r2025-10-15te. 3w2025-10-15yLBS1 00102ddc56708DSaBNPHUbBNPHUcCTd2025-11-06eDonado por Editora Búhol0oBNPHU DS xxxx P953ip2026-1784r2026-03-06te. 4w2026-03-06yLBS1 00102ddc56708DSaBNPHUbBNPHUcCTd2025-11-06eDonado por Editora Búhol0oBNPHU DS xxxx P953ip2026-1785r2026-03-06te. 5w2026-03-06yLBS1 c59953d59953